• 首页
  • 本馆介绍
  • 公告通知
  • 最新文献
  • 馆藏检索
  • 电子资源
  • 读者导购
  • 参考咨询
  • 我的图书馆
  • 登录
  • 详细信息显示
  • 放入我的书架
  • 预约/预借图书
  • 作者相关作品
  • 分类相关作品
  • 丛书相关作品
  • 出版社相关作品

书目信息

  • 表格格式
  • 工作单格式
  • 卡片格式
题名:
天使之谜
    
 
作者: 栗保滨 , 徐建国 著
分册:  
出版信息: 成都   四川少年儿童出版社  1994
页数: 157页
开本: 20cm
丛书名: 中国儿童生存、保护和发展书系
单 册:
中图分类: G614 , G610
科图分类:
主题词: 玩具--研究--中国
电子资源:
ISBN: 7-5365-1336-4
000 00732nam2 2200253 450
001 1538789257
005 20150126104709.56
010    @a7-5365-1336-4@b精装@dCNY6.30
100    @a20021005d1994 em y0chiy0110 ea
101 0  @achi
102    @aCN@b510000
105    @ay z 000yy
200 1  @a天使之谜@9tian shi zhi mi@e中国儿童玩具透视@f栗保滨,徐建国著
210    @a成都@c四川少年儿童出版社@d1994
215    @a157页@d20cm
225 2  @a中国儿童生存、保护和发展书系
461  0 @12001 @a中国儿童生存、保护和发展书系
606 0  @a玩具@x研究@y中国
690    @aG614@v5
690    @aG610@v4
701  0 @a栗保滨@9li bao bin@4著
701  0 @a徐建国@9xu jian guo@4著
801  0 @aCN@bTSSF@c20150126
905    @aZUCC@dG610@eJY25
    
    天使之谜:中国儿童玩具透视/栗保滨,徐建国著.-成都:四川少年儿童出版社,1994
    157页;20cm.-(中国儿童生存、保护和发展书系)
    
    
    ISBN 7-5365-1336-4(精装):CNY6.30
    
●
相关链接 在E读中查询图书 在五车中查询图书 在当当中查询图书 在豆瓣中查询图书


正题名:天使之谜     索取号:G610/JY25         预约/预借

序号 登录号 条形码 馆藏地/架位号 状态 备注
1 7859786   278597868   学院路分馆/ [索取号:G610/JY25] 在馆    
唐山师范学院图书馆 欢迎您!
大连网信软件有限公司© 版权所有